logo

Bir Sreshtho Munshi Abdur Rouf Library
Jhenaidah Cadet College

১৯৭১: (Record no. 11644)

MARC details
000 -LEADER
fixed length control field 00786nam a2200229 a 4500
001 - CONTROL NUMBER
JCCL Control Number 11644
003 - CONTROL NUMBER IDENTIFIER
JCCL marc code BD-JhCC
005 - DATE AND TIME OF LATEST TRANSACTION
control field 20200713114746.0
008 - FIXED-LENGTH DATA ELEMENTS--GENERAL INFORMATION
fixed length control field 200713b2020 bg |||| ||a| 000 0 ben d
020 ## - INTERNATIONAL STANDARD BOOK NUMBER
International Standard Book Number 9789845100656
035 ## - SYSTEM CONTROL NUMBER
system control number (BD-JhCC)11644
040 ## - CATALOGING SOURCE
Original cataloging agency BD-JhCC
Modifying agency BD-JhCC
041 ## - LANGUAGE CODE
Language code of Book ben
082 ## - DEWEY DECIMAL CLASSIFICATION NUMBER
Classification number 954.92051
Author mark and Year GAN 2020
245 ## - TITLE STATEMENT
Title ১৯৭১:
Remainder of title গণনির্যাতন-গণহত্যা কাঠামো, বিবরণ ও পরিসর /
Statement of responsibility, etc সম্পা: আফসান চৌধুরী ।
260 ## - PUBLICATION, DISTRIBUTION, ETC. (IMPRINT)
Place of publication, distribution, etc ঢাকা:
Name of publisher, distributor, etc কথাপ্রকাশ;
Date of publication, distribution, etc ২০২০
300 ## - PHYSICAL DESCRIPTION
Pagination 215 p. :
Dimensions 22 cm
650 ## - SUBJECT ADDED ENTRY--TOPICAL TERM
Topical term or geographic name as entry element Bangladesh
General subdivision History
Geographic subdivision Revolution, 1971
700 ## - ADDED ENTRY--PERSONAL NAME
Personal name চৌধুরী, আফসান
942 ## - ADDED ENTRY ELEMENTS (KOHA)
Source of classification or shelving scheme Dewey Decimal Classification
Koha item type Books
Holdings
Source of classification or shelving scheme Damaged status Not for loan Home library Current library Shelving location Date of accession Cost, normal purchase price Total Checkouts Full call number Barcode Date last seen Copy number Koha item type
Dewey Decimal Classification     JCC Rouf Library JCC Rouf Library General Stacks 07/13/2020 300.00   954.92051 GAN 2020 15890 07/13/2020 C-1 Books

JCC Library | Contacts | JCC Home

Last Update on 23 September 2017
Copyright @ 2017-2020 JCC Rouf Library
Rouf Library, Jhenidah Cadet College (JCC), Bangladesh